Catálogo

Vista normal Vista MARC

Entrada Personal Name

Número de registros utilizados en: 1

001 - CONTROL NUMBER

  • control field: 10978

003 - CONTROL NUMBER IDENTIFIER

  • control field: DLC

005 - DATE AND TIME OF LATEST TRANSACTION

  • control field: 20201112132753.0

008 - FIXED-LENGTH DATA ELEMENTS

  • fixed length control field: 850822n| azannaab |a aaa

010 ## - LIBRARY OF CONGRESS CONTROL NUMBER

  • LC control number: n 84206179

040 ## - CATALOGING SOURCE

  • Original cataloging agency: DLC
  • Language of cataloging: spa
  • Description conventions: rda
  • Transcribing agency: Mx-PuUPA
  • Modifying agency: DLC
  • Modifying agency: DLC
  • Modifying agency: Mx-PuUPA

046 ## - SPECIAL CODED DATES

  • Birth date: 1953
  • Source of date scheme: edtf

100 1# - HEADING--PERSONAL NAME

  • Personal name: Sharma, A. K.,
  • Dates associated with a name: 1953-

370 ## - ASSOCIATED PLACE

  • Place of residence/headquarters: Kānpur (India)
  • Source of term: naf

371 ## - ADDRESS

  • Electronic mail address: arunk@iitk.ac.in

372 ## - FIELD OF ACTIVITY

  • Field of activity: Sociología
  • Source of term: lcsh

372 ## - FIELD OF ACTIVITY

  • Field of activity: Estadísticas sociales
  • Field of activity: Sociología de la salud
  • Field of activity: Estudios de población

373 ## - ASSOCIATED GROUP

  • Associated group: Indian Institute of Technology Kanpur. Department of Humanities and Social Sciences
  • Source of term: naf

374 ## - OCCUPATION

  • Occupation: Profesor
  • Source of term: lcsh

375 ## - GENDER

  • Gender: hombre

377 ## - ASSOCIATED LANGUAGE

  • Language code: eng

400 1# - SEE FROM TRACING--PERSONAL NAME

  • Personal name: Sharma, Arun Kumar,
  • Dates associated with a name: 1953-

670 ## - SOURCE DATA FOUND

  • Source citation: Social inequality and demographic processes, 1985:
  • Information found: t.p. (A.K. Sharma) t.p. verso (b. 1953) jkt. (Dr. A.K. Sharma; M. Sc. (stat.: oper. res.); Ph. D. (sociol.), IIT, Bombay, 1980; dip. in population studies; lecturer, Dept. of Humanities and Soc. Sciences, IIT, Kanpur)

670 ## - SOURCE DATA FOUND

  • Source citation: Developing the underdeveloped, c1989:
  • Information found: t.p. (Arun Kumar Sharma)

670 ## - SOURCE DATA FOUND

  • Source citation: Psycho-social aspects of health and illness, 2017:
  • Information found: title page (Arun Kumar Sharma, professor of sociology, Department of Humanities and Social Sciences, IIT Kanpur)

670 ## - SOURCE DATA FOUND

  • Source citation: Department of Humanities and Social Sciences, IITK, WWW site viewed on September 13, 2017
  • Information found: (Arun Kumar Sharma, Ph. D. from IIT, Bombay, Specialization: Social statistics, sociology of health, and population studies, currently working as professor, Department of Humanities and Social Sciences, IIT Kanpur; email: arunk@iitk.ac.in)
  • Uniform Resource Identifier: http://www.iitk.ac.in/new/a-k-sharma

670 ## - SOURCE DATA FOUND

  • Source citation: Biblioteca del congreso (Estados Unidos), 14 septiembre 2020:
  • Information found: Catálogo electrónico
  • Uniform Resource Identifier: https://bit.ly/2H1zcyH